000 00793nab a2200241 u 4500
001 11698
003 HDC
007 cr bn ---aaaaa
008 210207c9999 |r|noo 0 a eng d
040 _aHDC
245 0 _aApology's better than turning, twisting, spinning
260 _a[no place] :
_b[publisher not identified],
_c[no year]
336 _atext
_2rdacontent
337 _acomputer
_2rdamedia
338 _aonline resource
_2rdacarrier
650 _aempower consumers
_912044
650 _aracist accusation
_912043
710 _aMalaysiakini
856 _zRequest full-text at [email protected]
942 _2lcc
942 _cNEWS
942 _kNWSO 001332
999 _c9021
_d9021